[Event "Challenge"]
[Site "http://www.queenalice.com/game.php?id=921903"]
[Date "2011.4.5"]
[Round "-"]
[White "serrato987"]
[Black "Sin_personalidad"]
[Result "1-0"]
[WhiteElo "2064"]
[BlackElo "1978"]

1. d4 e6 2. Nf3 Nf6 3. Bg5 Be7 4. Qd3 Nc6 5. c4 d5 6. Nbd2 O-O 7. a3 h6 8. Bf4
dxc4 9. Nxc4 b5 10. Ncd2 a6 11. e4 Bb7 12. Be2 Na5 13. Rc1 Nc4 14. Nxc4 bxc4 15.
Rxc4 Bxe4 16. Qe3 Qd5 17. O-O Ng4 18. Qc3 c6 19. Rc1 Rfc8 20. Nd2 Bxg2 21. Bxg4
f5 22. Bf3 Bxf3 23. Qxf3 g5 24. Be5 Qa5 25. Qh5 Kf8 26. Qxh6+ Ke8 27. Nb3 Qb6
28. Nc5 Bf8 29. Qxe6+ Be7 30. Qg8+ Bf8 31. Bd6 Qxc5 32. Rxc5 Kd7 33. Qf7+ Kd8
34. Qxf8+ Kd7 35. Qe7# 1-0

[Event "AUTO-OPEN-2137"]
[Site "http://www.queenalice.com/game.php?id=949374"]
[Date "2011.6.13"]
[Round "3"]
[White "otsenrechess"]
[Black "Sin_personalidad"]
[Result "1-0"]
[WhiteElo "2358"]
[BlackElo "1964"]

1. e4 e5 2. Bc4 Nf6 3. d3 d5 4. exd5 Nxd5 5. Nf3 Nc6 6. O-O Be6 7. Ng5 Bc5 8.
Nxe6 fxe6 9. Bb5 Qd7 10. Bxc6 Qxc6 11. Qh5+ g6 12. Qxe5 O-O 13. Bh6 Rf7 14. Nc3
Re8 15. Ne4 Bd6 16. Qd4 Nf4 17. Rfe1 e5 18. Qc4 Bf8 19. Qxc6 bxc6 20. Bxf4 Rxf4
21. Rad1 1-0

[Event "AUTO-OPEN-2137"]
[Site "http://www.queenalice.com/game.php?id=949375"]
[Date "2011.6.13"]
[Round "3"]
[White "Sin_personalidad"]
[Black "otsenrechess"]
[Result "0-1"]
[WhiteElo "1978"]
[BlackElo "2377"]

1. e4 c5 2. Nf3 Nc6 3. d4 cxd4 4. Nxd4 Nf6 5. Nc3 e5 6. Nxc6 bxc6 7. Bc4 Bb4 8.
Bd2 d5 9. exd5 cxd5 10. Bxd5 Nxd5 11. Nxd5 Qxd5 12. Bxb4 Qe4+ 13. Qe2 Qxb4+ 14.
Qd2 Qxb2 15. Ke2 Qb5+ 16. Kf3 Qc6+ 17. Kg3 Qg6+ 18. Kf3 Bg4+ 19. Ke3 Qg5+ 0-1

[Event "AUTO-OPEN-1838"]
[Site "http://www.queenalice.com/game.php?id=956664"]
[Date "2011.7.4"]
[Round "3"]
[White "pjhunt"]
[Black "Sin_personalidad"]
[Result "1-0"]
[WhiteElo "2116"]
[BlackElo "1952"]

1. c4 e6 2. Nf3 d5 3. e3 c5 4. Nc3 Nf6 5. d4 Nc6 6. a3 cxd4 7. exd4 dxc4 8. Bxc4
Bd6 9. O-O O-O 10. Qc2 Qb6 11. Nb5 Be7 12. Bf4 Bd8 13. Bd6 a6 14. Bc5 Qa5 15. b4
axb5 16. bxa5 bxc4 17. Bxf8 Kxf8 18. Qxc4 Bxa5 19. Ne5 1-0

[Event "AUTO-OPEN-1838"]
[Site "http://www.queenalice.com/game.php?id=956665"]
[Date "2011.7.4"]
[Round "3"]
[White "Sin_personalidad"]
[Black "pjhunt"]
[Result "0-1"]
[WhiteElo "1934"]
[BlackElo "2123"]

1. d4 e6 2. e4 d5 3. Nc3 Nf6 4. e5 Nfd7 5. f4 c5 6. Nf3 Nc6 7. Be3 a6 8. dxc5
Bxc5 9. Qd2 O-O 10. a3 Bxe3 11. Qxe3 f6 12. O-O-O fxe5 13. Nxe5 Ndxe5 14. fxe5
Qc7 15. Bd3 Nxe5 16. Rdf1 Bd7 17. Rf4 Rxf4 18. Kd2 Nxd3 19. Qxd3 Rf2+ 20. Kd1
Rxg2 21. h4 Rf8 22. Ne2 Rff2 0-1

[Event "AUTO-OPEN-1838"]
[Site "http://www.queenalice.com/game.php?id=956668"]
[Date "2011.7.4"]
[Round "3"]
[White "Sin_personalidad"]
[Black "rodriguesr"]
[Result "0-1"]
[WhiteElo "1943"]
[BlackElo "2125"]

1. d4 Nf6 2. c4 g6 3. Nc3 Bg7 4. e4 d6 5. Bf4 Nbd7 6. Nf3 O-O 7. Bd3 Qe8 8. O-O
c6 9. Re1 e5 10. Bg3 Nh5 11. dxe5 Nxg3 12. hxg3 Nxe5 13. c5 Nxf3+ 14. Qxf3 dxc5
15. Rad1 Be6 16. e5 Qe7 17. Bc2 Rfd8 18. Rd6 Rxd6 19. exd6 Qxd6 20. Ne4 Qe7 21.
Re2 Re8 22. Qf4 Bd5 23. Bd3 b6 24. Nd6 Qxe2 25. Bxe2 Rxe2 26. Nc8 Be5 27. Qh6
Bd4 28. Ne7+ Rxe7 29. Qg5 f6 30. Qd2 Bxa2 31. Qc2 Bd5 32. Qd3 Bxb2 33. Kh2 Bd4
0-1

[Event "AUTO-OPEN-1838"]
[Site "http://www.queenalice.com/game.php?id=956669"]
[Date "2011.7.4"]
[Round "3"]
[White "rodriguesr"]
[Black "Sin_personalidad"]
[Result "1-0"]
[WhiteElo "2082"]
[BlackElo "1976"]

1. d4 c5 2. d5 d6 3. c4 g6 4. e4 Bg7 5. Nc3 Nf6 6. Nf3 O-O 7. h3 e6 8. Bd3 a6 9.
O-O exd5 10. exd5 Re8 11. Bf4 Nh5 12. Bh2 Qa5 13. Qb3 Bd7 14. Bxd6 Bxc3 15. bxc3
b5 16. cxb5 Bxb5 17. Bxb5 Qxb5 18. Qxb5 axb5 19. Bxc5 Re2 20. a3 Nd7 21. Bb4
Rae8 22. Nd4 1-0

[Event "Challenge"]
[Site "http://www.queenalice.com/game.php?id=959642"]
[Date "2011.7.12"]
[Round "-"]
[White "Sin_personalidad"]
[Black "serrato987"]
[Result "0-1"]
[WhiteElo "1991"]
[BlackElo "2058"]

1. e4 e5 2. Bc4 Nf6 3. Nf3 Nxe4 4. O-O d5 5. Bb3 Be7 6. d3 Nc5 7. Nxe5 Nxb3 8.
axb3 O-O 9. Qf3 Nc6 10. Re1 Nxe5 11. Rxe5 c6 12. Nc3 Bd6 13. Re2 Qh4 14. h3 h5
15. Ra4 Bg4 16. Re1 b5 17. hxg4 bxa4 18. bxa4 Rfe8 19. Re2 Qh2+ 0-1

[Event "Challenge"]
[Site "http://www.queenalice.com/game.php?id=979581"]
[Date "2011.8.31"]
[Round "-"]
[White "Sin_personalidad"]
[Black "serrato987"]
[Result "0-1"]
[WhiteElo "1962"]
[BlackElo "2110"]

1. e4 c5 2. f4 Nc6 3. Nf3 d6 4. Bb5 Qc7 5. d4 cxd4 6. O-O Bd7 7. Nxd4 Qb6 8. Be3
Nf6 9. e5 Ng4 10. Qd2 Nxe3 11. Bxc6 Bxc6 12. Qxe3 dxe5 13. fxe5 e6 14. Nc3 Bc5
15. Rfd1 Rd8 16. Nce2 Qxb2 17. Kf1 Bb5 18. Nc6 Rxd1+ 19. Rxd1 Bxe2+ 20. Kxe2
Qb5+ 21. Qd3 Qxd3+ 22. Rxd3 bxc6 23. Rc3 Bb6 24. Rxc6 O-O 25. c4 Bd4 26. Rc7
Bxe5 27. Rxa7 Rc8 28. g3 g6 29. Kd3 Rd8+ 0-1

[Event "AUTO-OPEN-3556"]
[Site "http://www.queenalice.com/game.php?id=1389013"]
[Date "2015.10.13"]
[Round "1"]
[White "bvb09"]
[Black "Sin_personalidad"]
[Result "1-0"]
[WhiteElo "1877"]
[BlackElo "1799"]

1. d4 e6 2. Nd2 Nf6 3. e4 c5 4. e5 Nd5 5. c4 Nb6 6. dxc5 Bxc5 7. Ne4 Bb4+ 8. Bd2
Nc6 9. Nf3 Bxd2+ 10. Qxd2 O-O 11. Bd3 Qe7 12. a3 a5 13. Nd6 f6 14. Nxc8 Raxc8
15. exf6 Qxf6 16. O-O Rcd8 17. b3 d5 18. cxd5 Rxd5 19. Qc2 g6 20. Be4 1-0

[Event "AUTO-OPEN-3556"]
[Site "http://www.queenalice.com/game.php?id=1389014"]
[Date "2015.10.13"]
[Round "1"]
[White "Sin_personalidad"]
[Black "bvb09"]
[Result "0-1"]
[WhiteElo "1813"]
[BlackElo "1863"]

1. e4 c5 2. Nf3 d6 3. Bc4 Nc6 4. O-O Nf6 5. Re1 Bg4 6. d3 e6 7. h3 Bxf3 8. gxf3
g6 9. Nc3 a6 10. a3 Bg7 11. f4 Nh5 12. f5 Qe7 13. Nd5 exd5 14. exd5 Ne5 15. f4
Nf3+ 16. Kf2 Nxe1 17. Qxe1 Qxe1+ 18. Kxe1 Ng3 19. c3 Nxf5 20. Bd2 b5 21. Bb3 O-O
22. Kf2 Rfe8 23. Bc2 Re7 24. Re1 Rxe1 25. Bxe1 Re8 26. Bd2 Ne7 27. Bb3 Nc8 0-1

[Event "AUTO-OPEN-3556"]
[Site "http://www.queenalice.com/game.php?id=1389033"]
[Date "2015.10.13"]
[Round "1"]
[White "echo92"]
[Black "Sin_personalidad"]
[Result "1-0"]
[WhiteElo "2087"]
[BlackElo "1778"]

1. e4 d6 2. d4 e6 3. Nf3 b6 4. Nc3 Bb7 5. Bd3 Nc6 6. O-O Qd7 7. Bf4 h6 8. Re1
O-O-O 9. d5 exd5 10. Nxd5 g5 11. Bd2 1-0

[Event "AUTO-OPEN-3556"]
[Site "http://www.queenalice.com/game.php?id=1389034"]
[Date "2015.10.13"]
[Round "1"]
[White "Sin_personalidad"]
[Black "echo92"]
[Result "0-1"]
[WhiteElo "1782"]
[BlackElo "2079"]

1. d4 Nf6 2. c4 e6 3. Nc3 Bb4 4. e3 c5 5. Nf3 b6 6. a3 Bxc3+ 7. bxc3 O-O 8. Bd3
Bb7 9. O-O Qe7 10. Re1 d6 11. e4 e5 0-1

[Event "AUTO-OPEN-3556"]
[Site "http://www.queenalice.com/game.php?id=1389043"]
[Date "2015.10.13"]
[Round "1"]
[White "Guigafmoraes"]
[Black "Sin_personalidad"]
[Result "1-0"]
[WhiteElo "2179"]
[BlackElo "1784"]

1. e4 c5 2. Nf3 e6 3. d4 cxd4 4. Nxd4 a6 5. Nc3 Bc5 6. Nb3 Ba7 7. Bf4 Nc6 8. Qg4
Qf6 9. Bg3 Nh6 10. Qf3 Nd4 11. Qxf6 gxf6 12. Nxd4 Bxd4 13. O-O-O Bc5 14. Bc4 Ng4
15. Rhf1 b5 16. Be2 h5 17. h3 Ne5 18. f4 Nc6 19. Bf2 Bxf2 20. Rxf2 1-0

[Event "AUTO-OPEN-3556"]
[Site "http://www.queenalice.com/game.php?id=1389044"]
[Date "2015.10.13"]
[Round "1"]
[White "Sin_personalidad"]
[Black "Guigafmoraes"]
[Result "0-1"]
[WhiteElo "1786"]
[BlackElo "2178"]

1. d4 f5 2. c4 Nf6 3. Nc3 e6 4. e3 Be7 5. Nf3 O-O 6. Bd3 c6 7. O-O d5 8. cxd5
exd5 9. Qc2 Nbd7 10. Bxf5 Nb6 11. Re1 Bxf5 12. Qxf5 Qd7 13. Qxd7 Nbxd7 14. e4
dxe4 15. Nxe4 Nxe4 16. Rxe4 Bd6 17. Bd2 Nf6 18. Re6 Rad8 19. Rae1 Rfe8 20. Bc3
Kf7 0-1